| 000 | 00496nam a2200181Ia 4500 | ||
|---|---|---|---|
| 003 | GCL | ||
| 008 | 140319s9999 xx 000 0 ara d | ||
| 040 |
_aGCL / _cGCL |
||
| 082 | 0 | 4 |
_a811.094 _bر م |
| 100 | 1 | _aرياض مقدار | |
| 245 | 1 | 0 |
_aمن انت? شعر / _cرياض مقدار |
| 260 |
_a[S.N] : _bدار الكتاب اللبنانى ، _c1981 |
||
| 300 | _a96 ص | ||
| 490 | _a | ||
| 650 | 0 | 4 | _aالشعر العربى |
| 650 | 0 | 4 | _aالعصر الحديث |
| 942 |
_2ddc _cBK |
||
| 999 |
_c54176 _d54176 |
||